Normal view
MARC view
- Brennan, Maynard J.
Entry Personal Name
001 - CONTROL NUMBER
- control field: 4953
003 - CONTROL NUMBER IDENTIFIER
- control field: OSt
005 - DATE AND TIME OF LATEST TRANSACTION
- control field: 20200921101611.0
008 - FIXED-LENGTH DATA ELEMENTS
- fixed length control field: 200921|| aca||aabn | a|a d
040 ## - CATALOGING SOURCE
- Original cataloging agency: OSt
- Transcribing agency: OSt
100 ## - HEADING--PERSONAL NAME
- Personal name: Brennan, Maynard J.
- Fuller form of name: (Maynard James),
- Dates associated with a name: 1921-
670 ## - SOURCE DATA FOUND
- Source citation: Work cat.: (OSt)0: Brennan, Maynard J. (Maynard James), 1921-, Compact Handbook of College Composition /, [1972].